| 000 | 00503cam a2200193 4500 | ||
|---|---|---|---|
| 001 | D14372 | ||
| 008 | 090401t1942 xxu||||| |||| 00| 0 eng d | ||
| 035 | _a(Sirsi) u94724 | ||
| 041 | _aeng | ||
| 110 |
_aWar Office. Survey Directorate. GHQ Middle East _93249 |
||
| 245 | 4 | _aThe stereo comparator. Part 1 Description and adjustment | |
| 260 |
_aCairo _c1942 |
||
| 300 | _a12p. 30cm | ||
| 350 | _a0 | ||
| 490 |
_aTechnical Pamphlet _v10 |
||
| 520 | _aShelf 183 | ||
| 942 | _n0 | ||
| 948 | _c04/03/1997 | ||
| 999 |
_c98148 _d98148 |
||